Statistics for Phoenix Suns 2010s Top 10 Leaders

Click here to take the quiz!

General Stats

  • This quiz has been taken 55 times
  • The average score is 8 of 19

Answer Stats

Answer% Correct
Devin Booker
98%
Steve Nash
91%
Eric Bledsoe
80%
Goran Dragic
67%
Tyson Chandler
57%
Alex Len
52%
Markieff Morris
46%
P.J. Tucker
43%
Marcin Gortat
41%
Brandon Knight
39%
Josh Jackson
39%
T.J. Warren
37%
Grant Hill
33%
Tyler Ulis
33%
Jared Dudley
22%
Marquese Chriss
20%
Channing Frye
17%
Miles Plumlee
17%
Robin Lopez
15%

Score Distribution

Percentile by Number Answered

Percent of People with Each Score

Your Score History

You have not taken this quiz